[Event "Katowice Silesia 100th Ann op"]
[Site "Katowice"]
[Date "2024.04.27"]
[Round "6"]
[White "Mis, Mieszko"]
[Black "Kazmierowski, Tymon"]
[Result "1-0"]
[WhiteElo "2333"]
[BlackElo "2062"]
[PlyCount "57"]
[EventDate "2024.04.27"]
[EventType "swiss (rapid)"]
[EventRounds "11"]
[EventCountry "POL"]
[SourceTitle "CB19_2024"]
[SourceDate "2024.05.08"]
[SourceVersion "1"]
[SourceVersionDate "2024.05.08"]
[SourceQuality "1"]

1. Nf3 Nf6 2. c4 e6 3. g3 d5 4. Bg2 c5 5. 0-0 Nc6 6. d4 Be7 7. cxd5 exd5 8. Nc3 0-0 9. dxc5 Bxc5 10. Na4 Be7 11. Be3 Bf5 12. Rc1 Rc8 13. Nd4 Be4 14. Bh3 Rb8 15. Rxc6 bxc6 16. Nxc6 Qc7 17. Nxb8 Rxb8 18. b3 Rd8 19. Qd4 Bd6 20. Rc1 Qb8 21. Qxa7 Qb5 22. Qb6 Qxb6 23. Bxb6 Re8 24. Rc8 Rxc8 25. Bxc8 Bb1 26. Nc3 Bc2 27. Bd4 Ne4 28. Nxd5 Bb1 29. f3 1-0

[Event "Prague op 22nd"]
[Site "Prague"]
[Date "2024.01.08"]
[Round "5"]
[White "Mis, Mieszko"]
[Black "Agdestein, Simen"]
[Result "1-0"]
[WhiteElo "2301"]
[BlackElo "2568"]
[PlyCount "85"]
[EventDate "2024.01.05"]
[EventType "swiss"]
[EventRounds "9"]
[EventCountry "CZE"]
[SourceTitle "CB03_2024"]
[SourceDate "2024.01.17"]
[SourceVersion "1"]
[SourceVersionDate "2024.01.17"]
[SourceQuality "1"]

1. e4 c5 2. Nc3 e6 3. d4 cxd4 4. Qxd4 Nc6 5. Qd3 a6 6. Bf4 Nge7 7. Bd6 Ng6 8. Bxf8 Rxf8 9. 0-0-0 b5 10. h4 Qc7 11. h5 Nge7 12. Nf3 h6 13. Rh4 f6 14. Qe3 Qa7 15. Qd2 Rf7 16. Kb1 Kf8 17. Rf4 Qb8 18. Rg4 Ra7 19. Nh4 b4 20. Na4 d5 21. Ng6+ Nxg6 22. hxg6 Rfd7 23. Nc5 Rd8 24. Qe2 Re7 25. Rg3 Qb6 26. Na4 Qa5 27. b3 dxe4 28. Rxd8+ Qxd8 29. Qxe4 Nd4 30. Qa8 Rc7 31. Bc4 Ke7 32. Rd3 e5 33. Nb6 Bb7 34. Qa7 Kf8 35. Rd2 Re7 36. f4 Be4 37. Qxa6 Qd6 38. fxe5 Rxe5 39. Qc8+ Ke7 40. Rxd4 Qxd4 41. Qc7+ Ke8 42. Bf7+ Kf8 43. Nd7+ 1-0

[Event "Prague op 22nd"]
[Site "Prague"]
[Date "2024.01.06"]
[Round "2"]
[White "Mis, Mieszko"]
[Black "Reichmann, Steffen"]
[Result "1-0"]
[WhiteElo "2301"]
[BlackElo "1963"]
[PlyCount "41"]
[EventDate "2024.01.05"]
[EventType "swiss"]
[EventRounds "9"]
[EventCountry "CZE"]
[SourceTitle "CB03_2024"]
[SourceDate "2024.01.17"]
[SourceVersion "1"]
[SourceVersionDate "2024.01.17"]
[SourceQuality "1"]

1. d4 d6 2. Nf3 f5 3. g3 g6 4. Bg2 Nf6 5. 0-0 Bg7 6. Nbd2 0-0 7. Re1 Nc6 8. e4 fxe4 9. Nxe4 Nxe4 10. Rxe4 Bf5 11. Rh4 e5 12. Ng5 e4 13. Nxh7 Bxd4 14. Nxf8 Qxf8 15. Be3 Bf6 16. Qd5+ Qf7 17. Qxf7+ Kxf7 18. Rh7+ Bg7 19. Bh6 Rg8 20. g4 Bxg4 21. Bxe4 1-0

[Event "Sunnyvale 1000 GM Thanksgiving IM1"]
[Site "Sunnyvale"]
[Date "2023.11.23"]
[Round "2"]
[White "Sun, Kevin"]
[Black "Mis, Mieszko"]
[Result "0-1"]
[WhiteElo "2033"]
[BlackElo "2285"]
[PlyCount "54"]
[EventDate "2023.11.22"]
[EventType "schev"]
[EventRounds "9"]
[EventCountry "USA"]
[SourceTitle "CB48_2023"]
[SourceDate "2023.11.29"]
[SourceVersion "1"]
[SourceVersionDate "2023.11.29"]
[SourceQuality "1"]

1. e4 d6 2. d4 Nf6 3. Nc3 c6 4. Bf4 Qa5 5. Qd2 e5 6. Be3 Ng4 7. Bg5 exd4 8. Qxd4 Qxg5 9. Nf3 Qc5 10. Qd2 g6 11. h3 Bh6 12. Qe2 Ne5 13. Nxe5 dxe5 14. h4 0-0 15. h5 Bg5 16. Qf3 Be6 17. Bd3 Nd7 18. g3 Qe7 19. Rd1 Nc5 20. Kf1 Rad8 21. Kg2 Nxd3 22. cxd3 Rd6 23. Qe2 Rfd8 24. Rh2 Qd7 25. Rdh1 Bg4 26. f3 Rxd3 27. Rd1 Rxd1 0-1

[Event "POL-chT 1st League"]
[Site "Leba"]
[Date "2023.09.27"]
[Round "5.10"]
[White "Chojnacki, Slawomir"]
[Black "Mis, Mieszko"]
[Result "0-1"]
[WhiteElo "2196"]
[BlackElo "2287"]
[PlyCount "82"]
[EventDate "2023.09.23"]
[EventType "team-swiss"]
[EventRounds "9"]
[EventCountry "POL"]
[SourceTitle "EXT 2024"]
[Source "ChessBase"]
[SourceDate "2023.10.10"]
[SourceVersion "1"]
[SourceVersionDate "2023.10.10"]
[SourceQuality "1"]
[WhiteTeam "Chroscice Victoria"]
[BlackTeam "Debica Gryf"]
[WhiteTeamCountry "POL"]
[BlackTeamCountry "POL"]

1. d4 d6 2. Nf3 Bg4 3. Nbd2 Nf6 4. h3 Bh5 5. g4 Bg6 6. Bg2 c6 7. Nh4 e5 8. e3 Be7 9. 0-0 Nfd7 10. Nxg6 hxg6 11. f4 exd4 12. exd4 Na6 13. Nf3 Nf6 14. Ng5 Nh7 15. Nxh7 Rxh7 16. Qd3 Qd7 17. Bd2 d5 18. c4 dxc4 19. Qxc4 Nc7 20. Rae1 Kf8 21. Bb4 Bd6 22. f5 g5 23. Re6 Ne8 24. d5 c5 25. Rxd6 Nxd6 26. Qxc5 Rd8 27. Qxa7 Kg8 28. Bxd6 Qxd6 29. Qxb7 Rh6 30. Qc6 Qb4 31. Qc3 Qb6+ 32. Kh1 Re8 33. b4 Qa6 34. Rc1 Qxa2 35. b5 Qf2 36. Rf1 Qe2 37. f6 Re3 38. Qc8+ Kh7 39. fxg7 Rexh3+ 40. Kg1 Rh1+ 41. Bxh1 Qh2# 0-1

[Event "POL-chT 1st League"]
[Site "Leba"]
[Date "2023.09.25"]
[Round "3.10"]
[White "Mis, Mieszko"]
[Black "Paprocki, Jaroslaw"]
[Result "1/2-1/2"]
[WhiteElo "2287"]
[BlackElo "2167"]
[PlyCount "166"]
[EventDate "2023.09.23"]
[EventType "team-swiss"]
[EventRounds "9"]
[EventCountry "POL"]
[SourceTitle "EXT 2024"]
[Source "ChessBase"]
[SourceDate "2023.10.10"]
[SourceVersion "1"]
[SourceVersionDate "2023.10.10"]
[SourceQuality "1"]
[WhiteTeam "Debica Gryf"]
[BlackTeam "Bydgoszcz Wiartrak"]
[WhiteTeamCountry "POL"]
[BlackTeamCountry "POL"]

1. Nf3 d5 2. c4 d4 3. b4 f6 4. Qa4+ Bd7 5. Qb3 e5 6. d3 a5 7. bxa5 Na6 8. Ba3 Bxa3 9. Qxa3 c5 10. Qb2 Qxa5+ 11. Nbd2 Ne7 12. g3 Bc6 13. Bg2 Qb4 14. Qc1 Nc7 15. 0-0 Qa3 16. Qb1 0-0 17. Ne1 Qa6 18. Nc2 Bxg2 19. Kxg2 Qc6+ 20. Kg1 Nf5 21. Qb3 Nd6 22. Rfb1 Ra6 23. Na3 f5 24. Nb5 Nce8 25. a4 Rf6 26. a5 f4 27. Nxd6 Nxd6 28. Qa4 fxg3 29. fxg3 Qc8 30. Rf1 Rxf1+ 31. Rxf1 b6 32. Nb3 e4 33. Rf4 e3 34. Qa1 h6 35. Qf1 bxa5 36. Qf3 Qc6 37. Qxc6 Rxc6 38. Nxa5 Rb6 39. Rf1 Rb2 40. Re1 Kf7 41. Nc6 Ke6 42. Kf1 Rb6 43. Na5 Kd7 44. Ra1 Nf7 45. Ra3 Ra6 46. Kg1 Kc7 47. Ra1 Ne5 48. Nb3 Rxa1+ 49. Nxa1 g5 50. Nb3 Kd6 51. Kg2 g4 52. Kg1 Kc6 53. Kg2 Kb6 54. Kg1 Nc6 55. Kg2 Nb4 56. Kg1 Na2 57. Kg2 Nb4 58. Kg1 Nc6 59. Kg2 Na5 60. Nc1 Kc7 61. Kg1 Kd6 62. Kg2 Ke5 63. Kg1 Kf5 64. Kg2 h5 65. Kg1 Kg5 66. Kg2 Kf6 67. Kg1 Ke6 68. Kg2 Kd6 69. Kg1 Nc6 70. Nb3 Nb4 71. Kg2 Na2 72. Kf1 Nc3 73. Ke1 Nb1 74. Kd1 Nc3+ 75. Ke1 Kc6 76. Kf1 Kd6 77. Ke1 Na4 78. Kf1 Kd7 79. Ke1 Kc6 80. Kf1 Nb2 81. Ke1 Kb6 82. Kf1 Nd1 83. Ke1 Nc3 1/2-1/2

[Event "Warsaw Szansa rapid op"]
[Site "Warsaw"]
[Date "2023.09.17"]
[Round "8"]
[White "Fiszer, Bartosz"]
[Black "Mis, Mieszko"]
[Result "1-0"]
[WhiteElo "2280"]
[BlackElo "2287"]
[PlyCount "59"]
[EventDate "2023.09.17"]
[EventType "swiss (rapid)"]
[EventRounds "9"]
[EventCountry "POL"]
[SourceTitle "EXT 2024"]
[Source "ChessBase"]
[SourceDate "2023.10.10"]
[SourceVersion "1"]
[SourceVersionDate "2023.10.10"]
[SourceQuality "1"]

1. e4 c6 2. d4 d5 3. Nd2 dxe4 4. Nxe4 Nf6 5. Nxf6+ exf6 6. c3 Bd6 7. Bd3 0-0 8. Qc2 c5 9. Ne2 cxd4 10. Nxd4 g6 11. Be3 Nc6 12. Nxc6 bxc6 13. h4 Qa5 14. h5 f5 15. hxg6 hxg6 16. Kf1 Re8 17. Bd4 Be5 18. Re1 f6 19. f4 c5 20. Bf2 Ba6 21. fxe5 fxe5 22. Qe2 Bxd3 23. Qxd3 Qxa2 24. Qd7 Qc4+ 25. Kg1 Rad8 26. Qh7+ Kf8 27. Qxg6 f4 28. Rh8+ Ke7 29. Rxe8+ Rxe8 30. Rxe5+ 1-0

[Event "Warsaw Szansa rapid op"]
[Site "Warsaw"]
[Date "2023.09.17"]
[Round "7"]
[White "Mulawa, Cyprian"]
[Black "Mis, Mieszko"]
[Result "0-1"]
[WhiteElo "2258"]
[BlackElo "2287"]
[PlyCount "98"]
[EventDate "2023.09.17"]
[EventType "swiss (rapid)"]
[EventRounds "9"]
[EventCountry "POL"]
[SourceTitle "EXT 2024"]
[Source "ChessBase"]
[SourceDate "2023.10.10"]
[SourceVersion "1"]
[SourceVersionDate "2023.10.10"]
[SourceQuality "1"]

1. Nf3 c5 2. c4 Nc6 3. g3 g6 4. Bg2 Bg7 5. Nc3 d6 6. 0-0 Rb8 7. e3 Nf6 8. d4 0-0 9. b3 Be6 10. Bb2 cxd4 11. exd4 d5 12. Ng5 Bg4 13. f3 Bf5 14. g4 Bc8 15. c5 Nd7 16. Ne2 Nxc5 17. dxc5 Bxb2 18. Rb1 Bg7 19. b4 e5 20. Nh3 Be6 21. Nf2 Qe7 22. Qd2 Rbd8 23. b5 Nb8 24. Rfc1 Rc8 25. Nd3 Rfd8 26. Ng3 Nd7 27. c6 bxc6 28. bxc6 Nb6 29. Qb4 Qc7 30. f4 Bf8 31. Qa5 exf4 32. Ne2 Nc4 33. Qxc7 Rxc7 34. Nd4 g5 35. Rb7 Rdc8 36. Nb4 Bc5 37. Rd1 Ne3 38. Rd3 a5 39. Rxc7 Rxc7 40. Na6 Bxd4 41. Nxc7 Bb6 42. Na8 Bc5 43. c7 Nxg4+ 44. Kf1 Ne3+ 45. Ke2 Nxg2 46. Rxd5 f3+ 47. Kd2 f2 48. Rxg5+ Kf8 49. Ke2 Nf4+ 0-1

[Event "Warsaw Szansa blitz op"]
[Site "Warsaw"]
[Date "2023.09.16"]
[Round "12"]
[White "Mis, Mieszko"]
[Black "Bartel, Michal"]
[Result "1/2-1/2"]
[WhiteElo "2287"]
[BlackElo "2252"]
[PlyCount "93"]
[EventDate "2023.09.16"]
[EventType "swiss (blitz)"]
[EventRounds "13"]
[EventCountry "POL"]
[SourceTitle "EXT 2024"]
[Source "ChessBase"]
[SourceDate "2023.10.10"]
[SourceVersion "1"]
[SourceVersionDate "2023.10.10"]
[SourceQuality "1"]

1. g3 d5 2. Bg2 g6 3. c4 c6 4. Nf3 Bg7 5. 0-0 dxc4 6. a4 e5 7. Na3 Be6 8. Qc2 Ne7 9. Nxc4 Qc7 10. d3 h6 11. Bd2 Nd7 12. Bb4 c5 13. Bc3 Nc6 14. b3 0-0 15. Qb2 Rfe8 16. Rac1 Rad8 17. Rfd1 Qb8 18. Nfd2 Nd4 19. Ne4 b6 20. e3 Nf5 21. b4 Rc8 22. bxc5 Bxc4 23. dxc4 Nxc5 24. Nxc5 Rxc5 25. Bb4 Rcc8 26. Bd5 Qc7 27. c5 bxc5 28. Rxc5 Qb6 29. a5 Qb8 30. Qa3 e4 31. Rxc8 Qxc8 32. Bc5 Qc7 33. Qb4 Rb8 34. Qa3 Qe5 35. Bxa7 Rd8 36. Bxf7+ Kxf7 37. Rxd8 h5 38. Qb3+ Kf6 39. Qb6+ Kg5 40. Qb7 h4 41. Bd4 Qxa5 42. Bxg7 Qe1+ 43. Kg2 Nxe3+ 44. fxe3 Qe2+ 45. Kg1 Qe1+ 46. Kg2 Qe2+ 47. Kg1 1/2-1/2

[Event "Warsaw Szansa blitz op"]
[Site "Warsaw"]
[Date "2023.09.16"]
[Round "11"]
[White "Mis, Mieszko"]
[Black "Chomczyk, Marek"]
[Result "0-1"]
[WhiteElo "2287"]
[BlackElo "2290"]
[PlyCount "66"]
[EventDate "2023.09.16"]
[EventType "swiss (blitz)"]
[EventRounds "13"]
[EventCountry "POL"]
[SourceTitle "EXT 2024"]
[Source "ChessBase"]
[SourceDate "2023.10.10"]
[SourceVersion "1"]
[SourceVersionDate "2023.10.10"]
[SourceQuality "1"]

1. e4 e5 2. Nf3 Nf6 3. Nc3 Nc6 4. d4 exd4 5. Nxd4 Nxe4 6. Nxe4 Qe7 7. Nb5 Qxe4+ 8. Be2 Bb4+ 9. Bd2 Qxg2 10. Rf1 Qxh2 11. Bxb4 Nxb4 12. Qd2 a6 13. Qxb4 axb5 14. Qe4+ Kf8 15. 0-0-0 Qh6+ 16. Kb1 Qe6 17. Qb4+ d6 18. Bxb5 Qxa2+ 19. Kc1 Qa1+ 20. Kd2 Qa5 21. Kc3 Be6 22. f4 g6 23. Bd3 Ke7 24. Rde1 h5 25. b3 Qxb4+ 26. Kxb4 h4 27. Re2 h3 28. Bxg6 fxg6 29. Rfe1 Kd7 30. Rxe6 Rae8 31. Rxe8 Rxe8 32. Rg1 h2 33. Rh1 Rh8 0-1

[Event "Warsaw Szansa blitz op"]
[Site "Warsaw"]
[Date "2023.09.16"]
[Round "2"]
[White "Slomczewski, Michal"]
[Black "Mis, Mieszko"]
[Result "1-0"]
[WhiteElo "2106"]
[BlackElo "2287"]
[PlyCount "79"]
[EventDate "2023.09.16"]
[EventType "swiss (blitz)"]
[EventRounds "13"]
[EventCountry "POL"]
[SourceTitle "EXT 2024"]
[Source "ChessBase"]
[SourceDate "2023.10.10"]
[SourceVersion "1"]
[SourceVersionDate "2023.10.10"]
[SourceQuality "1"]

1. e4 c6 2. c4 d5 3. Nc3 d4 4. Nce2 c5 5. d3 Nc6 6. f4 e5 7. Nf3 Bd6 8. f5 Nge7 9. Bg5 f6 10. Bd2 Qb6 11. b3 g6 12. g4 Bd7 13. g5 fxg5 14. f6 Ng8 15. Bxg5 0-0-0 16. f7 Nge7 17. Bh6 Bg4 18. Bg2 Rdf8 19. Bg7 Qa5+ 20. Qd2 Nb4 21. 0-0 Qd8 22. Bxh8 Rxh8 23. h3 Bd7 24. a3 Na6 25. Qg5 Nc6 26. Qxd8+ Kxd8 27. Ng3 h6 28. Nh4 Kc7 29. Nxg6 Rh7 30. f8Q Bxf8 31. Nxf8 Rg7 32. Nxd7 Rxg3 33. Rf7 Kd6 34. Rh7 Rxd3 35. Nf6 Na5 36. b4 Nxc4 37. bxc5+ Nxc5 38. Ne8+ Ke6 39. Rf1 Nd7 40. Rxh6+ 1-0

[Event "Suwalki Warakomska Memorial 7th"]
[Site "Suwalki"]
[Date "2023.08.12"]
[Round "7"]
[White "Taranowicz, Michal"]
[Black "Mis, Mieszko"]
[Result "0-1"]
[WhiteElo "2144"]
[BlackElo "2300"]
[PlyCount "130"]
[EventDate "2023.08.07"]
[EventType "swiss"]
[EventRounds "9"]
[EventCountry "POL"]
[SourceTitle "CBM 215 Extra"]
[Source "ChessBase"]
[SourceDate "2023.09.30"]
[SourceVersion "1"]
[SourceVersionDate "2023.09.30"]
[SourceQuality "1"]

1. e4 d6 2. d4 Nf6 3. Bd3 g6 4. Nf3 Bg7 5. 0-0 0-0 6. Re1 Nc6 7. c3 e5 8. h3 h6 9. Be3 exd4 10. cxd4 Nb4 11. Nc3 Nxd3 12. Qxd3 Re8 13. Rad1 Nxe4 14. Nxe4 Bf5 15. Nfd2 d5 16. f3 c6 17. Bf2 dxe4 18. fxe4 Be6 19. b3 Qg5 20. Nf3 Qh5 21. d5 Rad8 22. Bxa7 cxd5 23. exd5 Rxd5 24. Qxd5 Bxd5 25. Rxe8+ Kh7 26. Re3 Bc6 27. b4 Qb5 28. Bc5 b6 29. Bd6 Qc4 30. a3 Qc2 31. Rdd3 Be4 32. Rd2 Qc1+ 33. Re1 Qc6 34. Rf1 Qc3 35. Rdd1 Qxa3 36. Kh1 Qb3 37. Rde1 Bd5 38. Kh2 g5 39. Rb1 Qa2 40. Rbd1 Bc4 41. Rfe1 Bc3 42. Re3 Be2 43. Rc1 Bf6 44. Re1 Bc4 45. Ne5 Bd5 46. R1e2 Qa8 47. Ng4 Bg7 48. Be5 Be6 49. Bxg7 Kxg7 50. Ne5 Qb8 51. Kg1 Qd6 52. Rb2 Qd4 53. Rbe2 Qxb4 54. Nf3 Qc5 55. Kh1 b5 56. Rd3 b4 57. Rdd2 Qc3 58. Nd4 Bc8 59. Kg1 b3 60. Nf3 Bxh3 61. Ne1 Bg4 62. Rf2 Qc1 63. Kf1 Be6 64. Ke2 Bc4+ 65. Nd3 b2 0-1

[Event "Suwalki Warakomska Memorial 7th"]
[Site "Suwalki"]
[Date "2023.08.07"]
[Round "1"]
[White "Mis, Mieszko"]
[Black "Praczukowski, Stanislaw"]
[Result "1-0"]
[WhiteElo "2300"]
[BlackElo "2120"]
[PlyCount "75"]
[EventDate "2023.08.07"]
[EventType "swiss"]
[EventRounds "9"]
[EventCountry "POL"]
[SourceTitle "CBM 215 Extra"]
[Source "ChessBase"]
[SourceDate "2023.09.30"]
[SourceVersion "1"]
[SourceVersionDate "2023.09.30"]
[SourceQuality "1"]

1. Nf3 d5 2. c4 e6 3. g3 Nf6 4. Bg2 d4 5. 0-0 Be7 6. e3 Nc6 7. d3 0-0 8. exd4 Nxd4 9. Nc3 Nxf3+ 10. Bxf3 e5 11. Re1 Bd6 12. d4 exd4 13. Qxd4 c6 14. Qh4 Bf5 15. Bg5 h6 16. Rad1 hxg5 17. Qxg5 Be6 18. c5 Ne8 19. Qe3 Qb8 20. cxd6 Nxd6 21. Qg5 Rd8 22. Rd4 Qc7 23. Red1 Rd7 24. Qh5 Nf5 25. Rxd7 Bxd7 26. Ne4 Re8 27. Qg5 Kf8 28. g4 Ne7 29. h4 Ng6 30. h5 Ne5 31. Be2 f6 32. Qf4 Qa5 33. h6 Be6 34. hxg7+ Kxg7 35. Qxf6+ Kg8 36. Qg5+ Kf8 37. Qh6+ Ke7 38. Qf6# 1-0

[Event "Warsaw Najdorf Memorial op-A"]
[Site "Warsaw"]
[Date "2023.07.13"]
[Round "3"]
[White "Kazakouski, Valery"]
[Black "Mis, Mieszko"]
[Result "1-0"]
[WhiteElo "2539"]
[BlackElo "2350"]
[PlyCount "89"]
[EventDate "2023.07.11"]
[EventType "swiss"]
[EventRounds "9"]
[EventCountry "POL"]
[SourceTitle "EXT 2024"]
[Source "ChessBase"]
[SourceDate "2023.10.10"]
[SourceVersion "1"]
[SourceVersionDate "2023.10.10"]
[SourceQuality "1"]

1. d4 Nf6 2. c4 e6 3. Nc3 Bb4 4. f3 d5 5. a3 Bd6 6. e4 c5 7. dxc5 Bxc5 8. e5 Nfd7 9. f4 Nb6 10. b4 Bxg1 11. Rxg1 0-0 12. Be3 Nc6 13. Bc5 Ne7 14. Qd2 Bd7 15. Be2 Re8 16. cxd5 exd5 17. Kf2 Nf5 18. Rgd1 d4 19. Bxd4 Be6 20. Bc5 Qh4+ 21. Kg1 Red8 22. Qe1 Qxf4 23. Bf3 Rd7 24. Qe4 Qxe4 25. Bxe4 Rc8 26. Nb5 Rcd8 27. Rxd7 Rxd7 28. Nxa7 Nc4 29. Nc8 Rc7 30. Nb6 Nxe5 31. Bxf5 Bxf5 32. Nd5 Rxc5 33. bxc5 Be6 34. Nb4 Bd7 35. Rd1 Kf8 36. Rd6 Ke8 37. Rb6 Bc8 38. c6 bxc6 39. Nxc6 Nc4 40. Rb3 Kd7 41. Rc3 Nd6 42. a4 Bb7 43. Ne5+ Ke6 44. Nd3 Kd5 45. Rc7 1-0

[Event "Warsaw Maciei Memorial"]
[Site "Warsaw"]
[Date "2023.07.10"]
[Round "6"]
[White "Cherniaiev, Tykhon"]
[Black "Mis, Mieszko"]
[Result "0-1"]
[WhiteElo "2331"]
[BlackElo "2350"]
[PlyCount "130"]
[EventDate "2023.07.10"]
[EventType "swiss (blitz)"]
[EventRounds "11"]
[EventCountry "POL"]
[SourceTitle "CBM 215 Extra"]
[Source "ChessBase"]
[SourceDate "2023.09.30"]
[SourceVersion "1"]
[SourceVersionDate "2023.09.30"]
[SourceQuality "1"]

1. Nf3 Nf6 2. d4 e6 3. c4 Bb4+ 4. Bd2 Qe7 5. g3 Nc6 6. Bg2 Bxd2+ 7. Nbxd2 d6 8. 0-0 e5 9. d5 Nb8 10. e4 0-0 11. b4 a5 12. a3 Na6 13. Qb3 Bg4 14. Rfe1 c6 15. Qb2 axb4 16. axb4 c5 17. bxc5 Nxc5 18. Rxa8 Rxa8 19. Ra1 Qd8 20. Rxa8 Qxa8 21. h3 Bxf3 22. Bxf3 Qa5 23. Qc2 g6 24. Kf1 Qa3 25. Ke2 h5 26. Nb1 Qb4 27. Nd2 Nfd7 28. Qb1 Qa3 29. h4 Kg7 30. Bg2 Na4 31. Qb3 Qa1 32. Qc2 Ndc5 33. Nb3 Qa3 34. Nxc5 Nxc5 35. Bf3 Nb3 36. Qc3 Nd4+ 37. Kd3 Qxc3+ 38. Kxc3 Nxf3 39. Kb4 Nd2 40. f3 Nxf3 41. c5 dxc5+ 42. Kxc5 Nd2 43. Kd6 Nxe4+ 44. Kxe5 Nf6 45. d6 b5 46. Kd4 Nd7 47. Kd5 Kf6 48. Kc6 Ke6 49. Kxb5 Kxd6 50. Kc4 Ke5 51. Kd3 Kf5 52. Ke3 Kg4 53. Kf2 Nc5 54. Kg2 Ne4 55. Kh2 Nxg3 56. Kg2 Nf5 57. Kh2 Nxh4 58. Kg1 f5 59. Kh2 f4 60. Kg1 Kg3 61. Kh1 Nf5 62. Kg1 Nd4 63. Kh1 f3 64. Kg1 f2+ 65. Kh1 f1R# 0-1

[Event "Warsaw Maciei Memorial"]
[Site "Warsaw"]
[Date "2023.07.10"]
[Round "10"]
[White "Heberla, Bartlomiej"]
[Black "Mis, Mieszko"]
[Result "1-0"]
[WhiteElo "2560"]
[BlackElo "2350"]
[PlyCount "69"]
[EventDate "2023.07.10"]
[EventType "swiss (blitz)"]
[EventRounds "11"]
[EventCountry "POL"]
[SourceTitle "CBM 215 Extra"]
[Source "ChessBase"]
[SourceDate "2023.09.30"]
[SourceVersion "1"]
[SourceVersionDate "2023.09.30"]
[SourceQuality "1"]

1. e4 d5 2. exd5 Qxd5 3. Nf3 Nf6 4. Be2 Bg4 5. d4 c6 6. c4 Qd8 7. Nc3 e6 8. Qb3 Qb6 9. c5 Qc7 10. Bf4 Qc8 11. h3 Bxf3 12. Bxf3 Nbd7 13. 0-0 Be7 14. Qc2 0-0 15. b4 Bd8 16. b5 Re8 17. bxc6 bxc6 18. Qa4 e5 19. Qxc6 Qxc6 20. Bxc6 Rc8 21. Bb7 Rc7 22. dxe5 Nxe5 23. c6 Rce7 24. Nb5 Nd5 25. Bd2 Nc4 26. Rad1 Nc7 27. Nxc7 Bxc7 28. Bb4 Re2 29. Rd7 Ba5 30. Ba6 Bxb4 31. Bxc4 Rc2 32. Bxf7+ Kf8 33. Bxe8 Kxe8 34. Rxa7 Bc5 35. Rxg7 1-0

[Event "Warsaw Maciei Memorial"]
[Site "Warsaw"]
[Date "2023.07.10"]
[Round "9"]
[White "Mis, Mieszko"]
[Black "Padalka, Artem"]
[Result "1-0"]
[WhiteElo "2350"]
[BlackElo "2158"]
[PlyCount "61"]
[EventDate "2023.07.10"]
[EventType "swiss (blitz)"]
[EventRounds "11"]
[EventCountry "POL"]
[SourceTitle "CBM 215 Extra"]
[Source "ChessBase"]
[SourceDate "2023.09.30"]
[SourceVersion "1"]
[SourceVersionDate "2023.09.30"]
[SourceQuality "1"]

1. e4 c5 2. f4 d5 3. Bb5+ Bd7 4. Bxd7+ Qxd7 5. d3 dxe4 6. dxe4 Qxd1+ 7. Kxd1 Nf6 8. Nd2 Nc6 9. Ngf3 Rd8 10. Ke2 Nb4 11. c3 Nd3 12. g3 e5 13. Nxe5 Nxe5 14. fxe5 Nd7 15. Nf3 c4 16. Be3 Bc5 17. Rad1 h6 18. Rxd7 Rxd7 19. Bxc5 b6 20. Bd4 Ke7 21. Nh4 Ke6 22. Rf1 b5 23. Nf5 Rg8 24. Ne3 Rb8 25. Nd5 a5 26. Nf4+ Ke7 27. e6 fxe6 28. Ng6+ Kd6 29. Be5+ Kc6 30. Bxb8 b4 31. Ne5+ 1-0

[Event "Warsaw Maciei Memorial"]
[Site "Warsaw"]
[Date "2023.07.10"]
[Round "2"]
[White "Piotrowski, Daniel"]
[Black "Mis, Mieszko"]
[Result "0-1"]
[WhiteElo "1768"]
[BlackElo "2350"]
[PlyCount "38"]
[EventDate "2023.07.10"]
[EventType "swiss (blitz)"]
[EventRounds "11"]
[EventCountry "POL"]
[SourceTitle "CBM 215 Extra"]
[Source "ChessBase"]
[SourceDate "2023.09.30"]
[SourceVersion "1"]
[SourceVersionDate "2023.09.30"]
[SourceQuality "1"]

1. e4 d5 2. exd5 Qxd5 3. Nc3 Qa5 4. d4 Nf6 5. Bc4 Bg4 6. f3 Bf5 7. Be3 e6 8. Nge2 Nc6 9. Bd3 0-0-0 10. 0-0 Kb8 11. Bxf5 Qxf5 12. Qc1 Nb4 13. Ng3 Qxc2 14. a3 Qxc1 15. Raxc1 Nbd5 16. Nxd5 Nxd5 17. Bf2 Bd6 18. Ne4 Nf4 19. Rfd1 Ne2+ 0-1

[Event "Malopolska-ch"]
[Site "Krakow"]
[Date "2023.06.10"]
[Round "6"]
[White "Kacprzak, Kacper"]
[Black "Mis, Mieszko"]
[Result "1/2-1/2"]
[WhiteElo "2228"]
[BlackElo "2364"]
[PlyCount "84"]
[EventDate "2023.06.08"]
[EventType "swiss"]
[EventRounds "7"]
[EventCountry "POL"]
[SourceTitle "CBM 214 Extra"]
[Source "ChessBase"]
[SourceDate "2023.07.31"]
[SourceVersion "1"]
[SourceVersionDate "2023.07.31"]
[SourceQuality "1"]

1. e4 d6 2. d4 Nf6 3. Nc3 g6 4. Nf3 Bg7 5. Be2 0-0 6. 0-0 Nc6 7. d5 Nb8 8. h3 c6 9. Re1 a6 10. a4 b6 11. Bf1 Bb7 12. Bg5 Nbd7 13. Qd2 Re8 14. Rad1 Qc7 15. Bh6 Bh8 16. Qg5 Rab8 17. Nd4 cxd5 18. exd5 Ne5 19. Nb3 Nc4 20. Bxc4 Qxc4 21. Rd4 Qc7 22. Rd2 Qd7 23. Nd4 Rbc8 24. Rdd1 Rc5 25. Nb3 Rc7 26. Qe3 b5 27. axb5 axb5 28. Qe2 b4 29. Ne4 Nxd5 30. Na5 Ba8 31. Nc4 Rec8 32. b3 Nc3 33. Nxc3 Bxc3 34. Bd2 Qc6 35. Qg4 Bxd2 36. Rxd2 Qc5 37. Ne3 Bc6 38. Rd4 h5 39. Qd1 Bb7 40. Qd2 Qc3 41. Rd1 Qxd2 42. R1xd2 d5 1/2-1/2

[Event "Malopolska-ch"]
[Site "Krakow"]
[Date "2023.06.10"]
[Round "5"]
[White "Mis, Mieszko"]
[Black "Zarnowski, Krzysztof"]
[Result "1/2-1/2"]
[WhiteElo "2364"]
[BlackElo "2079"]
[PlyCount "92"]
[EventDate "2023.06.08"]
[EventType "swiss"]
[EventRounds "7"]
[EventCountry "POL"]
[SourceTitle "CBM 214 Extra"]
[Source "ChessBase"]
[SourceDate "2023.07.31"]
[SourceVersion "1"]
[SourceVersionDate "2023.07.31"]
[SourceQuality "1"]

1. Nf3 d5 2. e3 Nf6 3. c4 e6 4. Nc3 Be7 5. b3 0-0 6. Bb2 dxc4 7. bxc4 c5 8. Qc2 b6 9. Be2 Bb7 10. 0-0 Nbd7 11. Rad1 Rc8 12. d3 Qc7 13. Ne1 Ne8 14. f4 f5 15. Bf3 Nd6 16. a4 a6 17. Kh1 Bf6 18. Rg1 Kh8 19. Bxb7 Qxb7 20. Nf3 Rce8 21. Rge1 h6 22. Ne2 e5 23. Nc3 b5 24. Nd5 e4 25. Nxf6 Nxf6 26. Ne5 exd3 27. Rxd3 Nxc4 28. Ng6+ Kg8 29. Nxf8 Nxb2 30. Qxb2 Rxf8 31. Qe5 Ne4 32. Kg1 Rf7 33. Red1 c4 34. Rd8+ Kh7 35. R8d7 Qb6 36. R1d4 Rxd7 37. Qxf5+ Qg6 38. Qxd7 Nc5 39. f5 Qg5 40. Qe8 Qxf5 41. h3 c3 42. Rd8 Ne4 43. Qg8+ Kg6 44. Qe8+ Kh7 45. Qg8+ Kg6 46. Qe8+ Kh7 1/2-1/2